NATO Countries by Military Spending - Statistics

General Stats
  • This quiz has been taken 125 times
  • The average score is 10 of 10
Answer Stats
Military Spending Country % Correct
59 billion France
100%
65 billion Germany
100%
30 billion Italy
99%
15 billion Spain
99%
811 billion United States
99%
73 billion United Kingdom
98%
13 billion Poland
97%
27 billion Canada
91%
13 billion Turkey
91%
14 billion Netherlands
85%
No matching quizzes found
Score Distribution
Percent of People with Each Score
Percentile by Number Answered
Your Score History
You have not taken this quiz